Mujeres y neocolonialidad en los condominios de lujo de Ciudad Guatemala /

שמור ב:
מידע ביבליוגרפי
מחבר ראשי: Camus, Manuela
פורמט: ספר
שפה:Spanish
תגים: הוספת תג
אין תגיות, היה/י הראשונ/ה לתייג את הרשומה!

MARC

LEADER 00000nam a22000007a 4500
003 cru CIDCACS/IIS
005 20210817125308.0
007 ta
008 161130s2015 cr ||||| |||| 00| 0 spa d
040 |c CRAI/IIS  |a CRAI/IIS 
100 1 |a Camus, Manuela  |9 661 
245 1 |a Mujeres y neocolonialidad en los condominios de lujo de Ciudad Guatemala /  |c Manuela Camus 
300 |a páginas 191-218 
500 |a Colección Centroamérica 
773 0 |0 18765  |9 185  |a Universidad de Costa Rica  |d San José, Costa Rica: Editorial Universidad de Costa Rica, 1974-  |o R17675  |t Anuario de Estudios Centroaméricanos / 
942 |2 ddc  |c PP 
999 |c 18774  |d 18774